| 000 | 01086nam a22003137a 4500 | ||
|---|---|---|---|
| 001 | BR2010000844 | ||
| 003 | BR-BrBNA | ||
| 005 | 20230928103203.0 | ||
| 007 | ta | ||
| 008 | 230509b bl.||||| |||| 00| 0 por d | ||
| 040 |
_aBR-BrBNA _bpor _cBiblioteca Nacional de Agricultura |
||
| 041 | _a(Por) | ||
| 072 |
_aQ04 _b9410 |
||
| 090 | _ 9410 BR2010000844 | ||
| 100 | 1 | _aEsteves, E.G. | |
| 110 | 1 |
_aUniversidade Federal de Minas Gerais, Belo Horizonte, MG (Brasil). Escola de Veterinária _0Tese (Mestre em Medicina Veterinária) _910868 |
|
| 245 | 1 | _aComponentes nitrogenados: metodologias analíticas e associações com outros indicadores de qualidade do leite cru refrigerado | |
| 260 | 3 |
_aBelo Horizonte, MG (Brasil): _c2006. |
|
| 300 | _a127 p. | ||
| 500 | _aSummaries (Eng, Por); Bibliography p. 104-115; 51 tables; 28 illus. | ||
| 650 | _aLEITE | ||
| 650 | _aANÁLISE DE ALIMENTO | ||
| 650 | _aCOMPOSIÇÃO DE ALIMENTO | ||
| 650 | _aPROTEÍNA | ||
| 650 | _aESPECTROMETRIA | ||
| 650 | _aANÁLISE QUÍMICA | ||
| 909 |
_a202309 _bLucia _c55 _dLucia Elande |
||
| 942 | _cBK | ||
| 999 |
_c74062 _d74062 |
||